| 000 | 00963nas a2200301 4500 | ||
|---|---|---|---|
| 001 | BR0802943 | ||
| 003 | BR-BrBNA | ||
| 005 | 20231205112122.0 | ||
| 007 | ta | ||
| 008 | 230509b bl.|||p| |||| 00| 00por d | ||
| 040 |
_aBR-BrBNA _bpor _cBiblioteca Nacional de Agricultura |
||
| 041 | _a(Es) | ||
| 072 | _aL60; L53 | ||
| 100 | 1 | _aCastro, U. | |
| 100 | 1 | _aMorales, A. | |
| 100 | 1 | _aPeck, D. | |
| 245 | 1 | _aDinâmica poblacional y fenologia del Salivazo de los pastos Zulia carbonaria (lallemand)(Homoptera: Cercopidae)en el Valle geográfico del rio Cauca, Colombia | |
| 650 | _aINSETO | ||
| 650 | _aBRACHIARIA | ||
| 650 | _aPRAGA DE PLANTA | ||
| 650 | _aREPRODUÇÃO ANIMAL | ||
| 650 | _aDISTRIBUIÇÃO GEOGRÁFICA | ||
| 650 | _aRIO CAUCA | ||
| 650 | _aCOLÔMBIA | ||
| 773 | 0 |
_tNeotropical Entomology (Brazil) _xISSN 1519-566X _g(May-Jun 2005), v. 34(3) p. 459-470 _wBR0802943 |
|
| 909 |
_a202311 _bLúcia _c55 _dLúcia Elande |
||
| 942 |
_2AGRIS _n0 _cANA |
||
| 999 |
_c196189 _d196189 |
||